Central Library OPAC University of Rajshahi

The printing of mathematics ; (Record no. 15362)

MARC details
000 -LEADER
fixed length control field 00881cam a2200253 a 4500
001 - CONTROL NUMBER
control field 15362
003 - CONTROL NUMBER IDENTIFIER
rucl marc code BD-RjUL
005 - DATE AND TIME OF LATEST TRANSACTION
control field 20211208235812.0
008 - FIXED-LENGTH DATA ELEMENTS--GENERAL INFORMATION
fixed length control field 140210s1954 enka 000 0 eng c
035 ## - SYSTEM CONTROL NUMBER
System control number (BD-RjUL)15416
040 ## - CATALOGING SOURCE
Original cataloging agency Wisconsin Univ. Libr.
Transcribing agency FQG
Modifying agency OCL
-- UKM
-- BD-RjUL
Language of cataloging eng
041 ## - LANGUAGE CODE
Language code of text/sound track or separate title eng
082 ## - DEWEY DECIMAL CLASSIFICATION NUMBER
Classification number 655.25
Author mark and year CHP 1954
100 1# - MAIN ENTRY--PERSONAL NAME
Personal name Chaundy, T. W.
9 (RLIN) 47733
245 14 - TITLE STATEMENT
Title The printing of mathematics ;
Remainder of title aids for authors and editors and rules for compositors and readers at the University Press, Oxford /
Statement of responsibility, etc. by T. W. Chaundy.
260 ## - PUBLICATION, DISTRIBUTION, ETC. (IMPRINT)
Place of publication, distribution, etc. London :
Name of publisher, distributor, etc. Oxford University Press,
Date of publication, distribution, etc. 1954.
300 ## - PHYSICAL DESCRIPTION
Pagination ix, 105 p. :
Illustrations ill., typog. specimens ;
Size 25 cm.
650 #0 - SUBJECT ADDED ENTRY--TOPICAL TERM
Topical term or geographic name as entry element Printing, Practical
Form subdivision Style manuals.
9 (RLIN) 47734
Topical term or geographic name as entry element Technical writing.
9 (RLIN) 1839
710 2# - ADDED ENTRY--CORPORATE NAME
Corporate name or jurisdiction name as entry element Oxford University Press.
9 (RLIN) 9161
942 ## - ADDED ENTRY ELEMENTS (KOHA)
Source of classification or shelving scheme Dewey Decimal Classification
Koha item type Books
Holdings
Lost status Source of classification or shelving scheme Damaged status Not for loan Collection code Permanent Location Current Location Shelving location Date acquired Source of acquisition Cost, normal purchase price Total Checkouts Full call number Date last seen Copy number Koha item type
  Dewey Decimal Classification   Not For Loan Non-fiction Central Library, University of Rajshahi Central Library, University of Rajshahi Reading Room 11/02/1958 A.B. C. 12.30   655.25 CHP 1954 10/02/2014 C-1 Books